000
00334nam a2200145Ia 4500
008
191201s2010 xx 000 0 und d
082
_a
657
_b
KHM
100
_a
KHAN,M Y
245
0
_a
Management Accounting: Text and Problems
250
_a
Rep
260
_a
N. Delhi
_b
TMH
_c
2010
300
_a
MISC
650
_a
BBA
942
_2
ddc
_c
BK
999
_c
4881
_d
4881